000
00343nam a22001577a 4500
020
_a
978-93-86476-11-1
082
_a
823
_b
PEP/S
100
_a
STERLING
245
_a
PEPPER
_b
GOES TO THE DOCTOR
246
_a
PEPPER
260
_a
DELHI
_b
STERLING
_c
2017
300
_a
12
520
_a
CLASSIC WORKS
650
_a
CLASSIC WORKS
942
_c
BK
999
_c
2182
_d
2182